| 000 | 004950000a22001690004500 | ||
|---|---|---|---|
| 041 | 0 | _aENG | |
| 082 | 0 | 4 | _aG 287 W987w |
| 100 | 1 | _aWynkoop, Mildred Bangs | |
| 245 | 1 | 0 | _aClassroom lectures : Wesleyan-Arminianism and Mild-Calvinism disctinctions / Mildred Wynkoop |
| 260 | _aTaichung, Taiwan : Central Taiwan theological | ||
| 300 | _a81 Pag | ||
| 001 | 8839 | ||
| 942 | _cBK | ||
| 999 |
_c38952 _d38952 |
||
| 336 |
_atexto _btxt _2rdacontent |
||
| 337 |
_2rdamedia _asin mediación _bn |
||
| 338 |
_2rdacarrier _avolumen _bnc |
||